| 000 | 00797nam a22002177a 4500 | ||
|---|---|---|---|
| 999 |
_c1742 _d1742 |
||
| 003 | AR-CdUCM | ||
| 008 | 190227b ||||| |||| 00| 0 spa d | ||
| 040 |
_aMUNICIPALIDAD PROVINCIAL DEL CUSCO _cBIBLIOTECA MUNICIPAL DEL CUSCO |
||
| 082 |
_a321.9 / _bE12 |
||
| 100 |
_aEbenstein, William _96407 |
||
| 245 | _aEl totalitarismo / | ||
| 260 |
_aBuenos Aires : _bPaidós , _c1965. |
||
| 300 |
_a153 páginas ; _c17 cm. |
||
| 440 |
_aBiblioteca del Hombre contemporáneo _96408 |
||
| 505 | _aEstudio del totalitarismo -- Democracia y totalitarismo -- Los dos principales tipos de totalitarismo -- Totalitarismo y autoritarismo... | ||
| 650 |
_aTotalitarismo. _96409 |
||
| 650 |
_aTipos de totalitarismo. _96410 |
||
| 650 |
_aAutoritarismo. _93456 |
||
| 942 |
_2ddc _cLIBROS |
||
| 945 |
_awfj _d2019-02-27 |
||